000
00312nam a2200133Ia 4500
008
191201s2010 xx 000 0 und d
100
_a
HULL, John C
245
0
_a
Options,Futures and Other Derivatives
250
_a
7th
260
_a
N.Delhi
_b
Pearson
_c
2010
300
_a
841
650
_a
MBA
942
_2
ddc
_c
BK
999
_c
4129
_d
4129